000 00658nam a2200229Ia 4500
003 OSt
005 20221007080116.0
006 a|||||r|||| 00| 0
007 ta
008 221006b |||||||| |||| 00| 0 eng d
024 _a6,826
037 _cTextual
040 _aFLL
_cFLL
_beng
041 _2eng
_aeng
082 _aZ2,2675, P2
100 _aMittal D.P. Au.
_9694630
245 0 _aTrade marks passing off & geographical indications of goods law and practice
260 _aNew Delhi
_bTaxmann & Comp. India
_c2002
300 _aS.116p,xxix
_ccm.
942 _hZ2,2675, P2
_cTEXL
_2CC
999 _c1158395
_d1158395